000 00405pab a2200157 454500
008 180718b2000 xxu||||| |||| 00| 0 eng d
100 _aAgarwal, Sarita
245 _aGrowth of informal sector in Gujrat
260 _c2000
300 _ap.197-202
650 _aInformal sector - India - Gujrat
650 _aInformal sector
700 _aPatel, Jyoti R.
773 _aBusiness Review
909 _a45468
999 _c45468
_d45468